Data structures and algorithms (Record no. 2344)

MARC details
000 -LEADER
fixed length control field 00417nam a2200157Ia 4500
008 - FIXED-LENGTH DATA ELEMENTS--GENERAL INFORMATION
fixed length control field 130318s9999 xx 000 0 und d
020 ## - INTERNATIONAL STANDARD BOOK NUMBER
International Standard Book Number 9788177588262
082 ## - DEWEY DECIMAL CLASSIFICATION NUMBER
Classification number 005.73 AHO/D
100 ## - MAIN ENTRY--PERSONAL NAME
Personal name Aho, Alfred V
245 ## - TITLE STATEMENT
Title Data structures and algorithms
260 ## - PUBLICATION, DISTRIBUTION, ETC.
Name of publisher, distributor, etc. Pearson Education
Place of publication, distribution, etc. New Delhi
Date of publication, distribution, etc. 1983
300 ## - PHYSICAL DESCRIPTION
Extent 433
650 ## - SUBJECT ADDED ENTRY--TOPICAL TERM
Topical term or geographic name entry element PROGRAMMING LANGUAGE
700 ## - ADDED ENTRY--PERSONAL NAME
Personal name Hopcroft, John E
700 ## - ADDED ENTRY--PERSONAL NAME
Personal name Ullman, Jeffrey D
Holdings
Withdrawn status Lost status Damaged status Not for loan Home library Current library Shelving location Date acquired Cost, normal purchase price Total Checkouts Total Renewals Full call number Barcode Date last seen Date last checked out Price effective from Koha item type
        Kerala University of Digital Sciences, Innovation and Technology Knowledge Centre Kerala University of Digital Sciences, Innovation and Technology Knowledge Centre Computer Science 18/03/2013 399.00 11 2 005.73 AHO/D 2362 01/12/2023 23/11/2019 18/03/2013 Books